| 000 | 00891nam a22002177a 4500 | ||
|---|---|---|---|
| 008 | 100701t xxu||||| |||| 00| 0 eng d | ||
| 020 | _a9775259150 | ||
| 040 |
_aEG-ScBUE _cEG-ScBUE |
||
| 082 |
_222 _a297.63 _bم ا ل |
||
| 100 |
_915731 _aالمالكى,محمد بن علوى بن عباس |
||
| 245 |
_aالذخائر المحمدية / _cمحمد بن علوى بن عباس المالكى؛ جمال فاروق جبريل محمود الدقاق [تعليقات |
||
| 260 |
_aالقاهرة: _bدار جوامع الكلم, _c[1993]. |
||
| 300 |
_a407؛ _c20 سم. |
||
| 650 |
_98737 _aغزوات النبى _2BUEsh |
||
| 650 |
_98738 _aزوجات النبى _2BUEsh |
||
| 650 |
_98736 _aالحديث، علم _2BUEsh |
||
| 650 |
_914743 _aالحديث _xشرح _2BUEsh |
||
| 651 | _2BUEsh | ||
| 700 |
_915732 _aالدقاق, جمال فاروق جبريل محمود |
||
| 942 |
_2ddc _cBB |
||
| 999 |
_c14343 _d14343 |
||